<?xml version="1.0" encoding="UTF-8"?>
<record
    xmlns:xsi="http://www.w3.org/2001/XMLSchema-instance"
    xsi:schemaLocation="http://www.loc.gov/MARC21/slim http://www.loc.gov/standards/marcxml/schema/MARC21slim.xsd"
    xmlns="http://www.loc.gov/MARC21/slim">

  <leader>01631ngm a2200325 a 4500</leader>
  <controlfield tag="005">20220317001421.0</controlfield>
  <controlfield tag="008">161108s2010    ck     g      000 0 spa  </controlfield>
  <datafield tag="020" ind1=" " ind2=" ">
    <subfield code="a">9789587470413</subfield>
  </datafield>
  <datafield tag="082" ind1="0" ind2="4">
    <subfield code="a">791.437 </subfield>
    <subfield code="b">D32</subfield>
  </datafield>
  <datafield tag="245" ind1="0" ind2="0">
    <subfield code="a">10 grandes pel&#xED;culas de la historia del cine</subfield>
    <subfield code="h">videodisco digital</subfield>
  </datafield>
  <datafield tag="250" ind1=" " ind2=" ">
    <subfield code="a">Primera edici&#xF3;n</subfield>
  </datafield>
  <datafield tag="264" ind1=" " ind2="1">
    <subfield code="a">Bogot&#xE1;</subfield>
    <subfield code="b">Fonolibros de Colombia</subfield>
    <subfield code="c">2010</subfield>
  </datafield>
  <datafield tag="300" ind1=" " ind2=" ">
    <subfield code="a">6 DVD</subfield>
    <subfield code="b">sonido, en blanco y negro</subfield>
    <subfield code="c">12 cm.</subfield>
    <subfield code="e">1 cartilla</subfield>
  </datafield>
  <datafield tag="336" ind1=" " ind2=" ">
    <subfield code="a">texto</subfield>
    <subfield code="b">txt</subfield>
    <subfield code="2">rdacontent</subfield>
  </datafield>
  <datafield tag="337" ind1=" " ind2=" ">
    <subfield code="a">sin mediaci&#xF3;n</subfield>
    <subfield code="b">n</subfield>
    <subfield code="2">rdamedia</subfield>
  </datafield>
  <datafield tag="338" ind1=" " ind2=" ">
    <subfield code="a">volumen</subfield>
    <subfield code="b">nc</subfield>
    <subfield code="2">rdacarrier</subfield>
  </datafield>
  <datafield tag="490" ind1=" " ind2=" ">
    <subfield code="a">Cine club pel&#xED;culas para coleccionistas</subfield>
  </datafield>
  <datafield tag="500" ind1=" " ind2=" ">
    <subfield code="a">Incluye libro con las rese&#xF1;as de las pel&#xED;culas</subfield>
  </datafield>
  <datafield tag="500" ind1=" " ind2=" ">
    <subfield code="a">Pel&#xED;culas con subt&#xED;tulos en espa&#xF1;ol</subfield>
  </datafield>
  <datafield tag="505" ind1=" " ind2=" ">
    <subfield code="a">DVD 1. El ciudadano Kane / Orson Welles -- DVD 2. La vida es maravillosa / Frank Kapra -- DVD 3. Casablanca / Michael Curtiz ; Rembrandt / Alexander Korda -- DVD 4. Tiempos modernos / Charles Chaplin ; Cantando bajo la lluvia / Gene Kelly, Stanley Donen -- DVD 5. El acorazado Potemkin / Sergu&#xE9;i M. Eisenstein -- Sucedi&#xF3; una noche / Frank Capra -- DVD 6. Psycho / Alfred Hitchcock -- Laura -- Otto Preminger</subfield>
  </datafield>
  <datafield tag="650" ind1="1" ind2="4">
    <subfield code="2">LEMB</subfield>
    <subfield code="a">Cine e historia </subfield>
    <subfield code="v">Videodiscos</subfield>
    <subfield code="y">Siglo XX</subfield>
  </datafield>
  <datafield tag="650" ind1="1" ind2="4">
    <subfield code="2">LEMB </subfield>
    <subfield code="a">Pel&#xED;culas cinematografiaras </subfield>
    <subfield code="v">Videodiscos</subfield>
    <subfield code="y">Siglo XX</subfield>
  </datafield>
  <datafield tag="700" ind1="1" ind2=" ">
    <subfield code="a">Welles, Orson</subfield>
    <subfield code="d">1915-1985</subfield>
    <subfield code="9">71653</subfield>
  </datafield>
  <datafield tag="700" ind1="1" ind2=" ">
    <subfield code="a">Capra, Frank,</subfield>
    <subfield code="d">1897-1991</subfield>
    <subfield code="9">72710</subfield>
  </datafield>
  <datafield tag="700" ind1="1" ind2=" ">
    <subfield code="a">Curtiz, Michael, </subfield>
    <subfield code="d">1888-1962</subfield>
    <subfield code="9">115279</subfield>
  </datafield>
  <datafield tag="700" ind1="1" ind2=" ">
    <subfield code="a">Korda, Alexander</subfield>
    <subfield code="d">1893-1956</subfield>
    <subfield code="9">115280</subfield>
  </datafield>
  <datafield tag="700" ind1="1" ind2=" ">
    <subfield code="a">Chaplin, Charles Spencer</subfield>
    <subfield code="d">1889-1977 </subfield>
    <subfield code="9">115281</subfield>
  </datafield>
  <datafield tag="942" ind1=" " ind2=" ">
    <subfield code="2">ddc</subfield>
    <subfield code="c">DVD</subfield>
  </datafield>
  <datafield tag="040" ind1=" " ind2=" ">
    <subfield code="a">CO-BoRNBP</subfield>
    <subfield code="b">spa</subfield>
    <subfield code="e">rda</subfield>
    <subfield code="c">CO-BoRNBP</subfield>
  </datafield>
  <datafield tag="999" ind1=" " ind2=" ">
    <subfield code="c">6917</subfield>
    <subfield code="d">6917</subfield>
  </datafield>
</record>
